| 000 | 00606nam a2200229Ia 4500 | ||
|---|---|---|---|
| 008 | 160901s9999 xx 000 0 und d | ||
| 020 | _a971-08-7038-6 | ||
| 050 | _aComSc QA 76.73 | ||
| 050 | _b.J39P47 2011 | ||
| 100 | _aPepito, Copernicus P. | ||
| 245 | _aIntroduction to javascript : | ||
| 245 | _bprogramming / | ||
| 245 | _cCopernicus P. Pepito. | ||
| 260 | _aMandaluyong : | ||
| 260 | _bNational Book Store, | ||
| 260 | _c2011 | ||
| 300 | _a421 pages : | ||
| 300 | _bill. ; | ||
| 300 | _c23 cm. | ||
| 650 | _aJavaScript (Computer program language). | ||
| 650 | _xWeb sites -- Design. | ||
| 999 |
_c300833 _d300833 |
||